| 000 | 00535nam a22001577a 4500 | ||
|---|---|---|---|
| 999 |
_c60583 _d60583 |
||
| 005 | 20230912145718.0 | ||
| 008 | 230912s1986 enk||||| |||| 00| 0 eng d | ||
| 041 | _aeng | ||
| 080 | _a902 L-85 | ||
| 100 |
_a Logiadou, S _919805 |
||
| 245 |
_aCrete : _bKnossos, Phaistos, Malia, Gournia, Zakros, Archanes, Gortys, Hagia Triada, Krista, Toplou, Spinalonga and Heraklion Museum. _cS. Logiadou - Platonos, Nanno Maritanos. |
||
| 264 |
_aAthens, _c1986. |
||
| 300 |
_a190 p.: _bill.; _c24 cm. |
||
| 653 | _aკრეტა | ||
| 942 |
_2udc _cBK |
||